The Liberal Imagination Essays on Litrature and Society / (Record no. 194196)
[ view plain ]
| 000 -LEADER | |
|---|---|
| fixed length control field | 00785 a2200157 4500 |
| 003 - CONTROL NUMBER IDENTIFIER | |
| control field | Nust |
| 005 - DATE AND TIME OF LATEST TRANSACTION | |
| control field | 20230123123136.0 |
| 040 ## - CATALOGING SOURCE | |
| Transcribing agency | Nust |
| 082 ## - DEWEY DECIMAL CLASSIFICATION NUMBER | |
| Classification number | 808.84,TRI |
| 100 ## - MAIN ENTRY--PERSONAL NAME | |
| Personal name | Lionel Trilling |
| 9 (RLIN) | 107424 |
| 245 ## - TITLE STATEMENT | |
| Title | The Liberal Imagination Essays on Litrature and Society / |
| Statement of responsibility, etc. | Lionel Trilling |
| 260 ## - PUBLICATION, DISTRIBUTION, ETC. | |
| Place of publication, distribution, etc. | USA |
| Name of publisher, distributor, etc. | Doubleday Anchor |
| Date of publication, distribution, etc. | 1957 |
| 300 ## - PHYSICAL DESCRIPTION | |
| Extent | 293p; |
| 505 ## - FORMATTED CONTENTS NOTE | |
| Formatted contents note | Reality in America (Page-1), Sherwood Anderson (Page-20), Freud and Literature (Page-32), The Princess Casamassima (Page-55), Huckleberry Finn (Page-100), Kipling (Page-114), The Immortality Ode (Page-125), Art and Neurosis (Page-155), The Sense of the Past (Page-176), Tactius Now (Page-192), The Kinsey Report (Page-216), Art and Fortune (Page-247), The Meaning of a Literary Idea (Page-272). |
| 942 ## - ADDED ENTRY ELEMENTS (KOHA) | |
| Source of classification or shelving scheme | |
| Koha item type | Book |
| Withdrawn status | Lost status | Source of classification or shelving scheme | Damaged status | Not for loan | Permanent Location | Current Location | Shelving location | Date acquired | Full call number | Barcode | Date last seen | Price effective from | Koha item type | Public note |
|---|---|---|---|---|---|---|---|---|---|---|---|---|---|---|
| Military College of Signals (MCS) | Military College of Signals (MCS) | Fiction | 12/12/2016 | 808.84,TRI | MCS29591-A | 12/08/2016 | 12/12/2016 | Book | Almirah No.57, Shelf No.3 |
